[Event "CZE-chT 9697"]
[Site "CZE"]
[Date "1997.??.??"]
[Round "5"]
[White "Babula, Vlastimil"]
[Black "Rasik, Vitezslav"]
[Result "0-1"]
[WhiteElo "2535"]
[BlackElo "2455"]

1.d4 Nf6 2.c4 g6 3.Nc3 Bg7 4.e4 d6 5.Nf3 O-O 6.Be2 e5 7.O-O Nbd7 8.Re1 c6
9.Bf1 h6 10.Rb1 Nh7 11.d5 c5 12.g3 f5 13.Nh4 Qf6 14.exf5 gxf5 15.Qh5 e4 16.f4 a6
17.Nd1 b5 18.b3 Qf7 19.Qxf7+ Rxf7 20.a4 Bd4+ 21.Kh1 bxa4 22.bxa4 Rb8 23.Rxb8 Nxb8
24.Bh3 Rb7 25.Bd2 Nf6 26.Bxf5 Bd7 27.Bxd7 Nbxd7 28.a5 Rb1 29.Nf5 Ng4 30.Kg2 e3
31.Bc3 Bxc3 32.Nxc3 Rxe1 33.h3 Ngf6 34.Nxd6 Rc1 35.Ne2 Ra1 36.g4 Rxa5 37.g5 hxg5
38.fxg5 Nh5 39.Kf3 Ra3 40.Kg4 Ng7 41.h4 Ne5+ 42.Kf4 Ng6+ 43.Kg4 Ra2 44.Nc3 e2
45.Nce4 e1=Q 46.Nf6+ Kf8  0-1

[Event "CZE-chT 9697"]
[Site "CZE"]
[Date "1997.??.??"]
[Round "8"]
[White "Meduna, Eduard"]
[Black "Movsesian, Sergei"]
[Result "0-1"]
[WhiteElo "2460"]
[BlackElo "2630"]

1.d4 Nf6 2.c4 g6 3.Nc3 Bg7 4.e4 d6 5.Be2 O-O 6.Nf3 Nbd7 7.O-O e5 8.Be3 Qe7
9.Re1 c6 10.d5 c5 11.a3 Ne8 12.b4 f5 13.bxc5 Nxc5 14.Nd2 b6 15.f3 Bf6 16.exf5 gxf5
17.Rc1 Bg5 18.f4 exf4 19.Bxc5 bxc5 20.Bh5 Qd8 21.Bxe8 Rxe8 22.Nf3 Re3 23.Qd2 Bd7
24.Ne2 Bh6 25.Nc3 Qf6 26.a4 a6 27.Rf1 Rc8 28.h3 Qg6 29.Rf2 Rb8 30.Qc2 Qf6
31.a5  0-1

[Event "CZE-chT 9697"]
[Site "CZE"]
[Date "1997.??.??"]
[Round "8"]
[White "Kozak, Milos"]
[Black "Pisk, Petr"]
[Result "0-1"]
[WhiteElo "2265"]
[BlackElo "2305"]

1.d4 Nf6 2.c4 g6 3.Nc3 Bg7 4.e4 d6 5.Nf3 O-O 6.Be2 e5 7.Be3 Nc6 8.d5 Ne7
9.Nd2 Nd7 10.O-O f5 11.f3 Kh8 12.b4 f4 13.Bf2 a5 14.bxa5 Rxa5 15.Nb3 Ra8
16.c5 g5 17.cxd6 cxd6 18.Nb5 Nf6 19.Qc2 Ne8 20.a4 Bd7 21.Rfc1 Ng6 22.a5 h5
23.Bb6 Qe7 24.Qd1 Rc8 25.Rxc8 Bxc8 26.Rc1 Bd7 27.Nd2 g4 28.Nc7 Nf6 29.Kh1 Nh4
30.Bf2 Ng6 31.Nc4 g3 32.hxg3 fxg3 33.Bxg3 h4 34.Bf2 Nh5 35.Ne6 Ng3+ 36.Kg1 Bxe6
37.dxe6 Nf4 38.Bf1 Qg5 39.Nxd6 h3 40.Bxg3 Qxg3 41.e7 hxg2 42.exf8=Q+ Bxf8
43.Nf7+ Kg7 44.Ng5 gxf1=Q+ 45.Kxf1 Qg2+  0-1

[Event "CZE-chT 9697"]
[Site "CZE"]
[Date "1997.??.??"]
[Round "9"]
[White "Voloshin, Leonid"]
[Black "Tibensky, Robert"]
[Result "1/2-1/2"]
[WhiteElo "2430"]
[BlackElo "2445"]

1.c4 g6 2.Nc3 Bg7 3.d4 Nf6 4.e4 d6 5.Be2 O-O 6.Nf3 e5 7.dxe5 dxe5 8.Qxd8 Rxd8
9.Bg5 c6 10.Nxe5 Re8 11.O-O-O Nxe4 12.Nxe4 Bxe5 13.f4 Bg7 14.Bf3 Na6 15.Rhe1 Bf5
16.Nf6+ Bxf6 17.Rxe8+ Rxe8 18.Bxf6 Nb4 19.g4 Nxa2+ 20.Kd2 Be6 21.b3 Nb4 22.Ra1 Ra8
23.Kc3 a5  1/2-1/2

[Event "Decin op"]
[Site "Decin"]
[Date "1997.??.??"]
[Round "2"]
[White "Surjadnji, Aleksej"]
[Black "Hadraba, Vladimir"]
[Result "1-0"]
[WhiteElo "2440"]
[BlackElo "2265"]

1.Nf3 Nf6 2.c4 g6 3.Nc3 Bg7 4.e4 d6 5.d4 O-O 6.Be2 e5 7.Be3 Nbd7 8.O-O c6
9.d5 cxd5 10.cxd5 Ng4 11.Bg5 f6 12.Bh4 h5 13.Nd2 Nh6 14.f3 Nf7 15.Nc4 Nb6
16.Nd2 Bh6 17.Bf2 f5 18.b4 Bd7 19.a4 Rc8 20.Ra3 Qg5 21.Ncb1 Rc7 22.a5 Nc8
23.b5 b6 24.Qb3 h4 25.Kh1 Nd8 26.Nc4 Rb7 27.axb6 axb6 28.Nc3 Kh7 29.Ra6 h3
30.g3 Qe7 31.Nxb6 Nxb6 32.Bxb6 Nf7 33.Bg1 Ng5 34.exf5 Bxf5 35.Qb4 Rc8 36.Ne4 Nxe4
37.fxe4 Bd7 38.b6 Rc2 39.Ra7 Rxb6 40.Qxb6 Rxe2 41.Qb7  1-0

[Event "Decin op"]
[Site "Decin"]
[Date "1997.??.??"]
[Round "2"]
[White "Zakharov, Alexander V"]
[Black "Lymar, Irina"]
[Result "1-0"]
[WhiteElo "2385"]
[BlackElo "2230"]

1.c4 Nf6 2.Nc3 g6 3.e4 d6 4.d4 Bg7 5.Nf3 O-O 6.Be2 Nbd7 7.O-O e5 8.Be3 Ng4
9.Bg5 f6 10.Bc1 Nh6 11.Rb1 Nf7 12.Qc2 f5 13.exf5 gxf5 14.dxe5 dxe5 15.Qxf5 Nf6
16.Qc2 Qe8 17.Bd3 Bg4 18.Ng5 Nxg5 19.Bxg5 Qh5 20.Be3 Be6 21.f3 Rad8 22.Rbd1 Bh6
23.Qc1 Bxe3+ 24.Qxe3 Rd4 25.Ne2 Rd7 26.Ng3 Qf7 27.Qxe5 Bxc4 28.Nf5 Bxd3 29.Nh6+ Kg7
30.Nxf7  1-0

[Event "Decin op"]
[Site "Decin"]
[Date "1997.??.??"]
[Round "5"]
[White "Korobov, Ilya"]
[Black "Miskovsky, Pavel"]
[Result "1-0"]
[WhiteElo "2335"]
[BlackElo "2210"]

1.d4 Nf6 2.c4 g6 3.Nc3 Bg7 4.e4 d6 5.Nf3 O-O 6.Be2 e5 7.d5 Nbd7 8.Bg5 h6
9.Be3 Nc5 10.Nd2 a5 11.h4 c6 12.h5 g5 13.g4 cxd5 14.cxd5 b5 15.Bxc5 dxc5
16.Nxb5 Rb8 17.a4 Nxd5 18.exd5 Qxd5 19.O-O e4 20.Nb3 Qe5 21.Qc1 Be6 22.Nxa5 Rfc8
23.Nc4 Bxc4 24.Bxc4 Rd8 25.Qe3 Rb7 26.Rad1 Rbd7 27.Rxd7 Rxd7 28.a5 Qe8 29.Re1 Re7
30.Nd6 Qd7 31.Nf5 Re8 32.Qb3 Bf8 33.Bb5 Qb7 34.a6 Qb6 35.Bc4 Qc7 36.Qb7  1-0

[Event "Decin op"]
[Site "Decin"]
[Date "1997.??.??"]
[Round "6"]
[White "Tolstikh, Nikolay"]
[Black "Kabanov, Nikolai"]
[Result "1-0"]
[WhiteElo "2405"]
[BlackElo "2285"]

1.Nf3 Nf6 2.c4 g6 3.Nc3 Bg7 4.e4 d6 5.d4 O-O 6.Be2 Na6 7.O-O e5 8.Re1 exd4
9.Nxd4 Nc5 10.Bf3 a5 11.Nb3 Nfd7 12.Nxc5 Nxc5 13.Be3 Be6 14.Bd4 Bh6 15.b3 a4
16.Rb1 axb3 17.axb3 Nd7 18.g3 Ne5 19.Bg2 Nc6 20.Be3 Bg7 21.Qd2 Qf6 22.Nb5 Rfc8
23.f4 h5 24.Rf1 Bd7 25.e5 Qe7 26.Nxc7 dxe5 27.Nxa8 Rxa8 28.fxe5 Nxe5 29.Bxb7 Rd8
30.Bg5 f6 31.Bd5+ Kh7 32.Bf4 Ng4 33.b4 Bf5 34.Rbe1 Qd7 35.b5 Bf8 36.Kh1 Bc5
37.h3 Ne5 38.Bxe5 fxe5 39.g4 Be6 40.Rxe5 hxg4 41.hxg4 Bxg4 42.Qh2+ Kg7 43.Qb2 Bf3+  1-0

[Event "Decin op"]
[Site "Decin"]
[Date "1997.??.??"]
[Round "8"]
[White "Fedorovsky, Michael"]
[Black "Kovalevskaya, Ekaterina"]
[Result "0-1"]
[WhiteElo "2305"]
[BlackElo "2350"]

1.d4 Nf6 2.c4 d6 3.Nc3 e5 4.Nf3 Nbd7 5.e4 g6 6.Be2 Bg7 7.O-O O-O 8.Re1 c6
9.Bf1 a5 10.Rb1 Re8 11.d5 Nc5 12.b3 Bd7 13.dxc6 Bxc6 14.Qc2 Rc8 15.a3 b5
16.b4 axb4 17.axb4 Ne6 18.Qb3 Nd4 19.Nxd4 exd4 20.cxb5 Bb7 21.Na4 Nxe4 22.Qd3 Nxf2
23.Kxf2 Qf6+ 24.Kg1 Rxe1 25.Bd2 Rxb1 26.Qxb1 d3 27.Be3 d2  0-1

[Event "Neckar op 1st"]
[Site "Deizisau"]
[Date "1997.??.??"]
[Round "1"]
[White "Kill, Matthias"]
[Black "Solonar, Stephan"]
[Result "1/2-1/2"]
[WhiteElo "1825"]
[BlackElo "2300"]

1.d4 Nf6 2.Nf3 d6 3.c4 Nbd7 4.Nc3 g6 5.e4 e5 6.Be2 Bg7 7.O-O O-O 8.Be3 h6
9.h3 exd4 10.Nxd4 Re8 11.f3 c6 12.Qd2 Kh7 13.Rad1 Qe7 14.Nc2 Bf8 15.b4 b6
16.b5 c5 17.Bf4 Ne5 18.Bh2 Bb7  1/2-1/2

[Event "Neckar op 1st"]
[Site "Deizisau"]
[Date "1997.??.??"]
[Round "2"]
[White "Berezovsky, Igor"]
[Black "Schmidt, Ralf"]
[Result "1-0"]
[WhiteElo "2375"]
[BlackElo "2025"]

1.d4 Nf6 2.c4 g6 3.Nc3 Bg7 4.e4 d6 5.Nf3 O-O 6.Be2 e5 7.Be3 Ng4 8.Bg5 f6
9.Bh4 Qe8 10.O-O h5 11.Bg3 Kh8 12.h3 Nh6 13.Qd2 Nc6 14.Nb5 Qe7 15.d5 Nd8
16.c5 dxc5 17.Rac1 Ndf7 18.Nh4 Kh7 19.Bd3 a6 20.Nc3 Ng8 21.Qe2 Bh6 22.Rcd1 Bd7
23.a4 Kg7 24.a5 Qd6 25.Nb1 Ba4 26.Rde1 Ne7 27.Nd2 Qd8 28.b3 Be8 29.f4 exf4
30.Bxf4 Bxf4 31.Rxf4 g5 32.Nf5+ Nxf5 33.Rxf5 Ne5 34.Nc4 Nxc4 35.bxc4 Bg6
36.Rf2 Qe7 37.Qb2 Rab8 38.e5 Kh6 39.Bxg6 Kxg6 40.Qb1+ f5 41.g4 hxg4 42.hxg4 b5
43.gxf5+ Kf7 44.f6 Qd8 45.e6+ Ke8 46.Qg6+  1-0

[Event "Neckar op 1st"]
[Site "Deizisau"]
[Date "1997.??.??"]
[Round "4"]
[White "Solonar, Stephan"]
[Black "Rogowski, Uwe"]
[Result "1-0"]
[WhiteElo "2300"]
[BlackElo "2080"]

1.c4 Nf6 2.Nc3 g6 3.e4 d6 4.d4 Bg7 5.Be2 O-O 6.Nf3 e5 7.O-O Nbd7 8.Qc2 exd4
9.Nxd4 Re8 10.Be3 Nc5 11.f3 a5 12.Rfd1 Nfd7 13.Qd2 Ne5 14.Ndb5 Bd7 15.Nd5 Bxb5
16.cxb5 b6 17.Rac1 Rc8 18.Qe1 Ned7 19.Rc2 f5 20.exf5 gxf5 21.Qg3 Kh8 22.Bg5 Nf6
23.Qh4 Rf8 24.Rxc5 bxc5 25.Bd3 Nxd5 26.Bxd8 Bd4+ 27.Kh1 Rcxd8 28.Bxf5 Nf6
29.g4 Rde8 30.g5 Re5 31.Bb1  1-0

[Event "Neckar op 1st"]
[Site "Deizisau"]
[Date "1997.??.??"]
[Round "4"]
[White "Piven, Igor"]
[Black "Ivanov, Mikhail M"]
[Result "1/2-1/2"]
[WhiteElo "2345"]
[BlackElo "2500"]

1.Nf3 Nf6 2.c4 g6 3.Nc3 Bg7 4.e4 d6 5.d4 O-O 6.Be2 e5 7.dxe5 dxe5 8.Qxd8 Rxd8
9.Bg5 Nbd7 10.O-O-O Rf8 11.Nd5 c6 12.Ne7+ Kh8 13.Be3 Re8 14.Nxc8 Raxc8 15.g4 Nf8
16.Nd2 Ne6 17.g5 Nd7 18.Bg4 Ndf8 19.Nb3 b6 20.c5 Rb8 21.Rhe1 bxc5 22.Nxc5 Nd4
23.f4 Rb5 24.Bxd4 exd4 25.Nb3 c5 26.Nd2 h5 27.Bh3 Rb4 28.b3 a5 29.Nc4 a4
30.Rd3 Ne6 31.Bxe6 Rxe6 32.e5 Bf8 33.Kb2 Ra6 34.Rc1 Kg7 35.Nd2 Be7 36.Ne4 Rb5
37.Rc4 axb3 38.Rxb3 Rba5 39.a3 Ra4 40.Nd2 R4a5 41.Nb1 Ra7 42.Nd2 Kf8 43.Rb8+ Kg7
44.Rb3 Kf8 45.Rb8+ Kg7 46.Rb3 Kf8 47.Rb8+  1/2-1/2

[Event "DEN-chT 9697"]
[Site "?"]
[Date "1997.??.??"]
[Round "7"]
[White "Bang, Andreas"]
[Black "Kjeldsen, Jens"]
[Result "1/2-1/2"]
[WhiteElo "2280"]
[BlackElo "2415"]

1.Nf3 g6 2.c4 Bg7 3.e4 d6 4.d4 Nf6 5.Nc3 O-O 6.Be2 e5 7.O-O exd4 8.Nxd4 Re8
9.f3 Nc6 10.Be3 Nh5 11.Qd2 f5 12.Nxc6 bxc6 13.exf5 Bxf5 14.Bd4 Nf6 15.Rfe1 c5
16.Bf2 Qb8 17.g4 Be6 18.g5 Nd7 19.f4 Qb4 20.Bf3 Bxc4 21.Bxa8 Rxa8 22.Re7 Nf8
23.Rae1 Rb8 24.Rxc7 Ne6 25.Rxg7+ Kxg7 26.b3 Rf8 27.bxc4 Nxf4 28.Bg3 Qxc4
29.Bxf4 Rxf4 30.Qxd6 Qxc3 31.Re7+ Rf7 32.Rxf7+ Kxf7 33.Qd7+ Kf8  1/2-1/2

[Event "DEN-chT 9697"]
[Site "?"]
[Date "1997.??.??"]
[Round "7"]
[White "Pedersen, Steffen"]
[Black "Mortensen, Erling"]
[Result "0-1"]
[WhiteElo "2415"]
[BlackElo "2445"]

1.d4 Nf6 2.c4 g6 3.Nc3 Bg7 4.e4 d6 5.Nf3 O-O 6.Be2 Nbd7 7.O-O e5 8.Qc2 c6
9.Rd1 Qc7 10.Rb1 a5 11.b3 Re8 12.a3 exd4 13.Nxd4 Nc5 14.f3 Nh5 15.g4 Nf6
16.b4 axb4 17.axb4 Ne6 18.Nxe6 Bxe6 19.Bf4 Qb6+ 20.Kg2 Ra3 21.Rb3 Rxb3 22.Qxb3 d5
23.exd5 cxd5 24.c5 Qd8 25.Qc2 d4 26.Bb5 Nd7 27.Ne4 Bd5 28.Nd6 Qf6 29.Qc1 Re3
30.Rxd4 Bxf3+ 31.Kg3 Re7 32.Kxf3 Qxd4 33.Bg5 Ne5+  0-1

[Event "Dhaka"]
[Site "Dhaka"]
[Date "1997.??.??"]
[Round "2"]
[White "Murshed, Niaz"]
[Black "Szekely, Peter"]
[Result "1/2-1/2"]
[WhiteElo "2505"]
[BlackElo "2455"]

1.d4 Nf6 2.c4 g6 3.Nc3 Bg7 4.e4 d6 5.Nf3 O-O 6.Be2 e5 7.d5 a5 8.O-O Na6 9.Be3 Ng4
10.Bg5 f6 11.Bd2 f5 12.Ne1 Nf6 13.exf5 gxf5 14.f4 Nd7 15.Be3 exf4 16.Bxf4 Nac5
17.Qd2 Nf6 18.Nf3 Nfe4 19.Nxe4 Nxe4 20.Qc2 Qf6 21.Rab1 Bd7 22.Be3 Rae8 23.Bd4 Qh6
24.Qd3 Bxd4+ 25.Qxd4  1/2-1/2

[Event "Dieren op"]
[Site "Dieren"]
[Date "1997.??.??"]
[Round "4"]
[White "Veerman, Johan"]
[Black "Van der Weide, Karel"]
[Result "1/2-1/2"]
[WhiteElo "2195"]
[BlackElo "2375"]

1.d4 Nf6 2.c4 g6 3.Nc3 Bg7 4.e4 d6 5.Be2 O-O 6.Nf3 Nbd7 7.O-O e5 8.Be3 c6
9.Qc2 Qe7 10.Rfe1 Ng4 11.Bg5 f6 12.Bh4 h5 13.h3 Nh6 14.Rad1 g5 15.Bg3 Qf7
16.dxe5 dxe5 17.b4 Re8 18.c5 Nf8 19.Nb1 Be6 20.Rd2 Ng6 21.Na3 b5 22.cxb6 axb6
23.Nc4 Qc7 24.a4 Bf8 25.Rb1 Nf7 26.Nd4 h4 27.Nxe6 Rxe6 28.Bh2 Ree8 29.Ne3 Kg7
30.Nf5+  1/2-1/2

[Event "Dieren op"]
[Site "Dieren"]
[Date "1997.??.??"]
[Round "6"]
[White "Mellegers, Joost P"]
[Black "Van der Weide, Karel"]
[Result "0-1"]
[WhiteElo "2175"]
[BlackElo "2375"]

1.c4 Nf6 2.Nc3 g6 3.e4 d6 4.d4 Bg7 5.Nf3 O-O 6.Be2 Nbd7 7.O-O e5 8.Bg5 h6
9.Bh4 g5 10.Bg3 Nh5 11.d5 Nf4 12.Nd2 f5 13.exf5 Nf6 14.Nde4 Nxe4 15.Nxe4 Bxf5
16.f3 Qe8 17.Bd3 Qg6 18.Bb1 g4 19.Nd2 h5 20.Bxf5 Rxf5 21.fxg4 hxg4 22.Ne4 Raf8
23.Qc2 Bh6 24.Kh1 Nxd5 25.Rxf5 Qxf5 26.Qe2 Ne3 27.Qd3 Nc2 28.Rg1 Be3 29.Rd1 Bd4
30.Bf2 Nb4 31.Qe2 Nc6 32.Bh4 Qg6 33.b3 Rf4 34.Re1 Bb6 35.Qd3 Nd4 36.Bg3 Rf5
37.Qd1 Rh5 38.Bf2 Kg7 39.Ng3 Rh8 40.Re4 Rh4 41.Bxd4 Bxd4 42.Qf1 Qh7 43.Nf5+ Kg8
44.h3 a5 45.a3 b6 46.b4 a4 47.c5 d5 48.cxb6 dxe4 49.b7 Ba7 50.Qc4+ Kh8 51.Qc3 Qxf5  0-1

[Event "Dieren op"]
[Site "Dieren"]
[Date "1997.??.??"]
[Round "8"]
[White "Bosboom, Manuel"]
[Black "Visser, Yge"]
[Result "1/2-1/2"]
[WhiteElo "2430"]
[BlackElo "2380"]

1.d4 Nf6 2.c4 g6 3.Nc3 Bg7 4.e4 d6 5.Nf3 O-O 6.Be2 Na6 7.O-O e5 8.Re1 c6
9.Rb1 exd4 10.Nxd4 Nc5 11.Bf3 h6 12.g3 Re8 13.Bf4 Bg4 14.Nb3 Bxf3  1/2-1/2

[Event "Dortmund"]
[Site "Dortmund"]
[Date "1997.??.??"]
[Round "3"]
[White "Gelfand, Boris"]
[Black "Topalov, Veselin"]
[Result "1/2-1/2"]
[WhiteElo "2695"]
[BlackElo "2745"]

1.d4 Nf6 2.Nf3 g6 3.c4 Bg7 4.Nc3 O-O 5.e4 d6 6.Be2 e5 7.Be3 c6 8.d5 Na6 9.O-O Ng4
10.Bg5 f6 11.Bh4 c5 12.Ne1 h5 13.a3 Qe7 14.Rb1 b6 15.b4 Bd7 16.Nd3 g5 17.Bg3 f5
18.h3 Nf6 19.bxc5 Nxc5 20.Nxc5 bxc5 21.Bxh5 Nxh5 22.Qxh5 Be8 23.Qf3 f4 24.Bh2 Bf6
25.g4 Qh7 26.Nb5 Rd8 27.Kg2 Rd7 28.Qe2 Bd8 29.f3 Ba5 30.Rb3 Rf6 31.Qb2 Rb7
32.Rh1 Rb6 33.Nc3 Bg6 34.Rf1 Qh4 35.Rxb6 axb6 36.Nb5 Bf7 37.Qf2 Qh7 38.Rh1 Be8
39.Qb2 Bxb5 40.Qxb5 Qh4 41.Qe8+ Kg7 42.Qe7+ Kg6 43.Qe8+ Kg7  1/2-1/2

[Event "Dresden op"]
[Site "Dresden"]
[Date "1997.??.??"]
[Round "5"]
[White "Lamprecht, Frank"]
[Black "Watzke, Birger"]
[Result "1-0"]
[WhiteElo "2410"]
[BlackElo "2175"]

1.d4 Nf6 2.c4 g6 3.Nc3 Bg7 4.e4 d6 5.Nf3 O-O 6.Be2 e5 7.O-O Nbd7 8.Qc2 c6
9.Rd1 Re8 10.d5 c5 11.a3 Rf8 12.b4 b6 13.Rb1 Nh5 14.g3 Bf6 15.Bh6 Ng7 16.Qd2 Be7
17.Kg2 Nf6 18.bxc5 bxc5 19.Nxe5 Nxe4 20.Nxe4 dxe5 21.d6 Bf6 22.d7 Ba6 23.Qd6 Be7
24.Qxa6  1-0

[Event "Dresden op"]
[Site "Dresden"]
[Date "1997.??.??"]
[Round "5"]
[White "Uhlmann, Wolfgang"]
[Black "Salov, Sergei"]
[Result "1-0"]
[WhiteElo "2485"]
[BlackElo "2275"]

1.c4 e5 2.Nc3 d6 3.Nf3 Nf6 4.d4 Nbd7 5.e4 g6 6.Be2 Bg7 7.O-O O-O 8.Be3 a5
9.Qc2 Ng4 10.Bg5 f6 11.Bd2 exd4 12.Nxd4 Nc5 13.Rad1 f5 14.Bxg4 fxg4 15.Be3 Bd7
16.Ndb5 b6 17.Bd4 Bxb5 18.Bxg7 Kxg7 19.cxb5 Qe8 20.Nd5 Rf7 21.Qc3+ Qe5 22.Qxe5+ dxe5
23.Nc3 Kf6 24.f3 gxf3 25.Rxf3+ Ke6 26.Rxf7 Kxf7 27.Kf2 Ke6 28.Ke3 Rf8 29.b3 Rf7
30.Nd5 Rd7 31.Rc1 Rf7 32.g4 h6 33.h4 Rd7 34.a3 Kf7 35.h5 gxh5 36.gxh5 Nxb3
37.Rc6 Nd4 38.Rxh6 Nxb5 39.a4 Nd4 40.Rh7+ Ke6 41.Nxc7+  1-0

[Event "Caledonian Masters"]
[Site "Edinburgh"]
[Date "1997.??.??"]
[Round "3"]
[White "Pigott, John C"]
[Black "Alfred, Nathan"]
[Result "1-0"]
[WhiteElo "2360"]
[BlackElo "2165"]

1.d4 Nf6 2.c4 g6 3.Nc3 Bg7 4.e4 d6 5.Nf3 O-O 6.Be2 e5 7.Be3 h6 8.O-O Ng4
9.Bc1 Nc6 10.d5 Ne7 11.Ne1 f5 12.Bxg4 fxg4 13.Nc2 g5 14.Ne3 Rf4 15.Bd2 Ng6
16.Ne2 Nh4 17.Qc2 Qe8 18.c5 Qg6 19.Ng3 Bf8 20.Nc4 h5 21.a4 b6 22.b4 bxc5
23.bxc5 Ba6 24.Rfc1 Rf7 25.Be3 Be7 26.c6 Raf8 27.Na3 Qf6 28.Qd1 Ng6 29.Nb5 Nf4
30.Nxc7 Bc8 31.Nb5 h4 32.Nf5 Bxf5 33.exf5 Qxf5 34.c7 h3 35.Qc2 Nd3 36.c8=Q Qe4
37.gxh3 gxh3 38.Qxh3 Rf4 39.Bxf4 Rxf4 40.Qcxd3  1-0

[Event "Caledonian Masters"]
[Site "Edinburgh"]
[Date "1997.??.??"]
[Round "4"]
[White "Kelly, Bryan"]
[Black "Bates, Richard"]
[Result "1/2-1/2"]
[WhiteElo "2390"]
[BlackElo "2345"]

1.d4 Nf6 2.c4 g6 3.Nc3 Bg7 4.e4 d6 5.Nf3 O-O 6.Be2 Na6 7.O-O e5 8.Be3 Ng4
9.Bg5 f6 10.Bc1 Qe8 11.Re1 Kh8 12.h3 Nh6 13.Bf1 c6 14.Be3 Nf7 15.dxe5 dxe5
16.c5 Nc7 17.Nd2 Qe7 18.Nc4 Be6 19.Qb3 Rfb8 20.Qc2 f5 21.b4 f4 22.Bc1 h5
23.Qe2 Rd8 24.Ba3 Rd4 25.Na5 Ne8 26.Rad1 Rxd1 27.Rxd1 a6 28.Na4 Nf6 29.Nb6 Rg8
30.Nbc4 g5 31.Bb2 Bc8 32.Nd6 g4 33.Nxf7+ Qxf7 34.Bxe5 gxh3 35.Bxf4 hxg2 36.Bxg2 Qg6
37.e5 Nd5 38.Bg3 Bg4 39.Bf3 Bxf3 40.Qxf3 Bxe5 41.Kh2 Bxg3+ 42.fxg3 h4 43.g4 Qxg4
44.Qxg4 Rxg4 45.Nxb7 Rxb4 46.Nd8 Nf4 47.Rd2 Rc4 48.Nxc6 Rxc5 49.Ne7 Kg7 50.Rd4 Ne6
51.Rxh4 Kf7 52.Rh7+ Ng7 53.Kg3 a5 54.Kf4 Rh5 55.Rxh5 Nxh5+ 56.Ke5 Kxe7 57.Kd5 Nf4+  1/2-1/2

[Event "Caledonian Masters"]
[Site "Edinburgh"]
[Date "1997.??.??"]
[Round "8"]
[White "Berry, Neil"]
[Black "Bates, Richard"]
[Result "0-1"]
[WhiteElo "2150"]
[BlackElo "2345"]

1.d4 Nf6 2.c4 g6 3.Nc3 Bg7 4.e4 d6 5.Nf3 O-O 6.Be2 Na6 7.O-O e5 8.Be3 Ng4
9.Bg5 f6 10.Bc1 Qe8 11.dxe5 dxe5 12.h3 Nh6 13.Be3 Nf7 14.c5 f5 15.Bxa6 bxa6
16.Qe2 f4 17.Bd2 c6 18.b4 g5 19.Nh2 Nd8 20.a4 h5 21.f3 Ne6 22.Rab1 Qg6 23.b5 Nd4
24.Qd3 axb5 25.axb5 cxb5 26.Nd5 Kh8 27.Bc3 b4 28.Ne7 Qe6 29.Nxc8 bxc3 30.Nd6 c2
31.Rb2 Rab8 32.Rxb8 Rxb8 33.Nf5 Qb3  0-1

[Event "ROM-ch op (Women)"]
[Site "Eforie Nord"]
[Date "1997.??.??"]
[Round "?"]
[White "Olarasu, Gabriela"]
[Black "Crisan, Cristina"]
[Result "1-0"]
[WhiteElo "2355"]
[BlackElo "2075"]

1.d4 Nf6 2.c4 g6 3.Nc3 Bg7 4.e4 d6 5.Nf3 O-O 6.Be2 e5 7.O-O exd4 8.Nxd4 Re8
9.f3 Nc6 10.Be3 Nh5 11.f4 Nf6 12.Nxc6 bxc6 13.Bf3 Rb8 14.Qd2 c5 15.Rae1 Nd7
16.Kh1 Bb7 17.Qc2 Nb6 18.Nd1 Nd7 19.a3 Bc6 20.Bd2 Nf8 21.Bc3 Ne6 22.Bxg7 Kxg7
23.Qc3+ Kg8 24.e5 Bxf3 25.Qxf3 Nd4 26.Qd5 Qe7 27.Re3 Qe6 28.Kg1 Qxd5 29.cxd5 Nf5
30.Rc3 Nd4 31.Re1 c6 32.dxc6 Nxc6 33.Kf2 dxe5 34.Rxc5 Re6 35.b4 e4 36.Ne3 Nd4
37.Rd5 Nb5 38.Nc4 Re7 39.Re3 f5 40.Ne5 Rc7 41.Nd7 Rc2+ 42.Kg3 Rb7 43.Nc5 Re7
44.Nxe4 Rxe4 45.Rxe4 fxe4 46.Rxb5 Rc3+ 47.Kf2 Rxa3 48.Ra5 Rb3 49.b5 Kh8 50.g3 Kg8
51.Ke2 Kh8 52.Kd2 e3+ 53.Ke2 Kg8 54.h3 Kh8 55.g4 Kg8 56.h4 Kh8 57.Rxa7 Rxb5
58.Kxe3 h5 59.g5 Kg8 60.Ke4 Rc5 61.Rd7 Ra5 62.Rd5 Ra7 63.f5 Ra4+ 64.Ke5 gxf5
65.Kf6 Ra6+ 66.Kxf5 Rb6 67.g6 Kg7 68.Rd7+ Kg8 69.Kg5  1-0

[Event "RUS-Cup5"]
[Site "Ekaterinburg"]
[Date "1997.??.??"]
[Round "3"]
[White "Tunik, Gennady"]
[Black "Terentiev, Vitaly G"]
[Result "1-0"]
[WhiteElo "2460"]
[BlackElo "2395"]

1.d4 Nf6 2.c4 g6 3.Nc3 Bg7 4.e4 O-O 5.Nf3 d6 6.Be2 e5 7.O-O Na6 8.Be3 exd4
9.Nxd4 Nc5 10.f3 a5 11.Qd2 Re8 12.Rad1 Bd7 13.Kh1 Qe7 14.Ndb5 Bxb5 15.cxb5 Rad8
16.Bg5 c6 17.bxc6 bxc6 18.Bc4 Qb7 19.Rfe1 Qb4 20.Bf1 Ne6 21.Bh4 Rd7 22.Ne2 Rb8
23.b3 d5 24.Qxb4 axb4 25.Nc1 Ra8 26.exd5 Nxd5 27.Bc4 Bc3 28.Re4 Nc5 29.Re2 Nf4
30.Rxd7 Nxd7 31.Rc2 Nb6 32.Bf1 Nbd5 33.Bf2 Ne6 34.Bc4 Nd4 35.Rxc3 Nxc3 36.Bxd4 Rd8
37.Bg1 Rd2 38.h3 Rd1 39.Ne2 Re1 40.Nd4  1-0

[Event "RUS-Cup5"]
[Site "Ekaterinburg"]
[Date "1997.??.??"]
[Round "4"]
[White "Volkov, Sergey"]
[Black "Hasanov, Marat"]
[Result "0-1"]
[WhiteElo "2480"]
[BlackElo "2265"]

1.d4 Nf6 2.c4 g6 3.Nc3 Bg7 4.e4 d6 5.Be2 O-O 6.Nf3 e5 7.Be3 exd4 8.Nxd4 Re8
9.f3 c6 10.Bf2 a6 11.O-O Nh5 12.Qd2 b5 13.Rad1 b4 14.Na4 Qa5 15.b3 c5 16.g4 cxd4
17.gxh5 Nc6 18.hxg6 hxg6 19.Kh1 Bd7 20.Rg1 Rab8 21.Rg5 Re5 22.Rdg1 Rbe8 23.Bd3 Qc7
24.R5g2 Rh5 25.f4 Bh6 26.Qd1 Rh3 27.Bg3 Kg7 28.c5 dxc5 29.Nxc5 Bxf4 30.Bxf4 Qxf4
31.Nxd7 Reh8 32.Qe2 Qc7 33.Nc5 Ne5 34.Qc2 Qd6 35.Nb7 Qb8 36.Qc5 Ng4 37.Qxd4+ Kg8
38.Qxh8+ Kxh8 39.Rc1 Rxh2+ 40.Kg1 Rxg2+ 41.Kxg2 Qh2+ 42.Kf3 Ne5+ 43.Ke3 Qh6+
44.Kd4 Nf3+  0-1

[Event "RUS-Cup5"]
[Site "Ekaterinburg"]
[Date "1997.??.??"]
[Round "4"]
[White "Shariyazdanov, Andrey"]
[Black "Terentiev, Vitaly G"]
[Result "1-0"]
[WhiteElo "2525"]
[BlackElo "2395"]

1.d4 Nf6 2.c4 d6 3.Nc3 g6 4.e4 Bg7 5.Be2 O-O 6.Nf3 e5 7.O-O Na6 8.Re1 exd4
9.Nxd4 Nc5 10.Bf1 Re8 11.f3 a5 12.Be3 c6 13.Qd2 a4 14.Rab1 Nfd7 15.b4 axb3
16.axb3 Ne5 17.Red1 Qe7 18.Bf2 h5 19.Nc2 Bf8 20.Re1 Kh7 21.Be3 Bg7 22.Kh1 Qf6
23.Nd4 Ne6 24.Nxe6 Bxe6 25.Ne2 Qe7 26.Rbd1 Ra3 27.Nc1 Bf8 28.Qb2 Rea8 29.Bd4 Nd7
30.f4 Bg4 31.Be2 Qh4 32.g3 Qh3 33.Bf1 Bf3+ 34.Kg1 Qe6 35.f5 Qe8 36.Rd3 Bxe4
37.fxg6+ fxg6 38.Bg2 d5 39.cxd5 cxd5 40.Rde3 Bh6 41.R3e2 Ra1 42.Bxe4 dxe4
43.Rxe4 Qxe4 44.Rxe4 Rxc1+ 45.Kg2 Rac8 46.Qf2 Kg8 47.Re7 R1c2 48.Re2 Rxe2
49.Qxe2 Nf8 50.Qe5 Rd8 51.Qh8+ Kf7 52.Qf6+ Ke8 53.Bc5 Rd2+ 54.Kf3 Rd7 55.Bxf8 Rf7
56.Qxf7+  1-0

[Event "RUS-Cup5"]
[Site "Ekaterinburg"]
[Date "1997.??.??"]
[Round "4"]
[White "Tolstikh, Nikolay"]
[Black "Zakharevich, Igor"]
[Result "0-1"]
[WhiteElo "2410"]
[BlackElo "2505"]

1.Nf3 Nf6 2.c4 g6 3.Nc3 Bg7 4.e4 d6 5.d4 O-O 6.Be2 e5 7.dxe5 dxe5 8.Qxd8 Rxd8
9.Bg5 Rf8 10.Nd5 Nxd5 11.cxd5 c6 12.Bc4 b5 13.Bb3 Bb7 14.Rc1 a5 15.dxc6 Bxc6
16.Be7 Re8 17.Bd6 a4 18.Bxf7+ Kxf7 19.Bxb8 Ra6 20.Ba7 Kg8 21.Nd2 b4 22.Be3 Bb5
23.Rc5 Bd3 24.Rd5 Rc6 25.Nf3 Bxe4 26.Rb5 Rec8 27.O-O Bd3 28.Rxb4 Bxf1 29.Kxf1 Rc4
30.Rb5 e4 31.Nd2 Rc2 32.Ra5 Rxb2 33.Rxa4 Rd8 34.g3 Rbxd2 35.Bxd2 Rxd2 36.Rxe4 Rxa2
37.h4 Kf7 38.Kg2 Rd2 39.Rf4+ Ke6 40.Kh3 Be5 41.Rf8 Bf6 42.f4 Rd3 43.Kg4 Rd8
44.Rxd8 Bxd8 45.Kf3 Kd5 46.f5 Ke5 47.fxg6 hxg6 48.Kg4 Kf6 49.Kh3 Kg7 50.g4 Kh6
51.Kg3 Be7 52.Kh3 Bb4  0-1

[Event "RUS-Cup5"]
[Site "Ekaterinburg"]
[Date "1997.??.??"]
[Round "6"]
[White "Tolstikh, Nikolay"]
[Black "Sergeev, Nickolay"]
[Result "1-0"]
[WhiteElo "2410"]
[BlackElo "2330"]

1.Nf3 Nf6 2.c4 g6 3.Nc3 Bg7 4.e4 d6 5.d4 O-O 6.Be2 e5 7.d5 Nbd7 8.h3 Nc5
9.Qc2 c6 10.O-O Nh5 11.Rd1 Nf4 12.Bxf4 exf4 13.dxc6 Re8 14.e5 Bf5 15.Qc1 bxc6
16.Rxd6 Qc7 17.Qd2 g5 18.Rd1 Nb7 19.Rd4 c5 20.Rd5 Be6 21.Rd3 Bxe5 22.Nd5 Qb8
23.Nxg5 Nd6 24.Rb3 Qc8 25.Nxe6 Qxe6 26.Nxf4 Qf5 27.Nd5 Ne4 28.Qe3 Bd4 29.Rxd4 cxd4
30.Qxd4 Re6 31.Rf3 Qe5 32.Qxe5 Rxe5 33.Re3 Rae8 34.Bf3 Kg7 35.Bxe4 Rxe4 36.Rg3+ Kf8
37.Nf6 Re1+ 38.Kh2 R8e2 39.Rg8+ Ke7 40.Nd5+ Kd6 41.Rd8+ Kc5 42.Rc8+ Kd4 43.Nf4 Rxb2
44.Rd8+ Kc3 45.c5 Rd2 46.Nd5+ Kb2 47.c6 Rc1 48.c7 Kxa2 49.Nc3+ Rxc3 50.Rxd2+ Kb1
51.Rd7 a5 52.Rd5 a4 53.Ra5 Rxc7 54.Rxa4 Kc2 55.Rd4 Kc3 56.Rd8 Kc4 57.Kg3 Kc5
58.Rh8 Kd5 59.Rxh7 Ke5 60.Rh6 Rc3+ 61.Kh2 f5 62.g3 f4 63.Rh5+ Kf6 64.g4  1-0

[Event "Momotov mem"]
[Site "Enakievo"]
[Date "1997.??.??"]
[Round "?"]
[White "Kiselev, Sergey"]
[Black "Kuzmin, Gennadi P"]
[Result "1/2-1/2"]
[WhiteElo "2485"]
[BlackElo "2535"]

1.d4 Nf6 2.Nf3 g6 3.c4 Bg7 4.Nc3 O-O 5.e4 d6 6.Be2 e5 7.O-O exd4 8.Nxd4 Re8
9.f3 c6 10.Be3 d5 11.cxd5 Nxd5 12.Nxd5 cxd5 13.Qb3 Nc6 14.Rad1 Nxd4 15.Bxd4 Bxd4+
16.Rxd4 Qf6 17.Rd2 Qf4 18.Qxd5  1/2-1/2